000 00503pab a2200181 454500
008 180718b2013 xxu||||| |||| 00| 0 eng d
100 _aIlaiah, Kancha
245 _aDevelopment of Muslims: Comparing Gujarat and Andhra Pradesh in the early 2005
260 _c2013
300 _ap.74-76.
362 _aSep
650 _aMuslims - India - Andhra Pradesh
650 _aMuslims - India - Gujarat
650 _aMuslims
773 _aEconomic and Political Weekly
908 _aN
909 _a103311
999 _c103307
_d103307